Slovenská výroba pomáha európskym obuvníkom ustáť čínsky tlak
Invázia čínskej obuvi do krajín Európskej únie - nízke ceny obuvi. Silná konkurencia pre domácich výrobcov obuvi. Domáci výrobcovia sa snažia znižovať náklady, pričom chcú zachovať módnosť, kvalitu a rýchlosť dodávok. V štruktúre nadnárodných obuvníckych firiem (Rieker, Gabor, Ecco a Geox) nachádza...
Saved in:
| Main Author: | |
|---|---|
| Format: | Book Chapter |
| Language: | Slovak |
| Subjects: | |
| Tags: |
No Tags, Be the first to tag this record!
|
MARC
| LEADER | 00000naa$a2200000$$$4500 | ||
|---|---|---|---|
| 001 | 0032726 | ||
| 005 | 20231009081543.8 | ||
| 041 | 0 | |a slo | |
| 044 | |a SK | ||
| 245 | 1 | 0 | |a Slovenská výroba pomáha európskym obuvníkom ustáť čínsky tlak |c Martin Jesný |
| 520 | |a Invázia čínskej obuvi do krajín Európskej únie - nízke ceny obuvi. Silná konkurencia pre domácich výrobcov obuvi. Domáci výrobcovia sa snažia znižovať náklady, pričom chcú zachovať módnosť, kvalitu a rýchlosť dodávok. V štruktúre nadnárodných obuvníckych firiem (Rieker, Gabor, Ecco a Geox) nachádza dôležité miesto aj Slovensko. Význam značky, kvality a využitia novej technológie pri výrobe obuvi. | ||
| 610 | 2 | 0 | |a obuvníctvo |
| 610 | 2 | 0 | |a obuv |
| 610 | 2 | 0 | |a dovoz |
| 610 | 2 | 0 | |a ceny |
| 610 | 2 | 0 | |a konkurencia |
| 610 | 2 | 0 | |a znižovanie nákladov |
| 610 | 2 | 0 | |a kvalita |
| 610 | 2 | 0 | |a technológie nové |
| 610 | 2 | 0 | |a Európa |
| 610 | 2 | 0 | |a Čína |
| 100 | 1 | |a Jesný, Martin | |